Nuestra voz en el mundo
Zapisane w:
| 1. autor: | |
|---|---|
| Format: | Nieznany |
| Język: | Spanish |
| Wydane: |
San José, Costa Rica:
Trejos Hermanos,
1977.
|
| Hasła przedmiotowe: | |
| Etykiety: |
Dodaj etykietę
Nie ma etykietki, Dołącz pierwszą etykiete!
|
MARC
| LEADER | 000000000a22000000004500 | ||
|---|---|---|---|
| 001 | 002062 | ||
| 003 | CIICLA | ||
| 005 | 20180205081245.0 | ||
| 008 | 180205b xxu||||| |||| 00| 0 spa d | ||
| 040 | |c ciicla | ||
| 041 | 0 | |a español | |
| 082 | |a 327.728.6 |b F139n | ||
| 100 | 1 | |a Facio Segreda, Gonzalo J. |d 1918- | |
| 245 | 1 | 0 | |a Nuestra voz en el mundo |
| 260 | |a San José, Costa Rica: |b Trejos Hermanos, |c 1977. | ||
| 300 | |a 263 páginas | ||
| 650 | 4 | |a RELACIONES EXTERIORES | |
| 651 | 4 | |a COSTA RICA | |
| 942 | |2 ddc |c BK | ||
| 999 | |c 2939 |d 2939 | ||
